|
|
|
|
| LEADER |
00971nam a22002412a 4500 |
| 001 |
000378055 |
| 003 |
CZ BrMZK |
| 005 |
20140121145400.0 |
| 007 |
ta |
| 008 |
980105s1928 xr a f cze d |
| 015 |
|
|
|a cnb001134369
|
| 035 |
|
|
|a (OCoLC)85652356
|
| 040 |
|
|
|a ABA001
|b cze
|c ABA001
|d ABA001
|
| 100 |
1 |
|
|a Loubal, František,
|d 1893-1950
|7 jk01072468
|4 aut
|
| 245 |
1 |
0 |
|a Z československé fronty :
|b se sokolským plukem Svobody č. III. v Brně a na Slovensku /
|c vzpomíná Frant. Loubal
|
| 260 |
|
|
|a Boskovice :
|b nákl. vl.,
|c 1928
|
| 300 |
|
|
|a 101 s. :
|b il. ;
|c 8°
|
| 856 |
4 |
1 |
|u http://www.digitalniknihovna.cz/mzk/uuid/uuid:6e492e06-ff06-469b-8ab1-cab50ecdefa8
|y Digitalizovaný dokument
|
| 910 |
|
|
|a BOA001
|b 2-0105.048
|
| 990 |
|
|
|a BK
|
| 991 |
|
|
|b 201210
|
| 996 |
7 |
|
|b 2619753318
|c 2-0105.048
|l MZK
|r Sklad / do 24 hodin
|n 4
|w 000378055
|u 000020
|a 1
|e BOA001
|j MZK50
|s A
|
| 996 |
7 |
|
|b 2619816719
|c 2-0105.048
|l MZK
|r Sklad / do 24 hodin
|n 8
|w 000378055
|u 000010
|a 1
|e BOA001
|j MZK50
|s A
|